| 000 | 01405nam a2200265Ia 4500 | ||
|---|---|---|---|
| 999 |
_c53191 _d53191 |
||
| 001 | 20232 | ||
| 003 | GE_BSU | ||
| 005 | 20200630123706.0 | ||
| 008 | 181216s1961||||ge |||||||||||||| ||geo|| | ||
| 040 | _cGE_BSU | ||
| 041 | _ageo | ||
| 080 | _a811.353.1'38 თ-39 | ||
| 100 |
_aთაყაიშვილი, არლი _98898 |
||
| 245 |
_aქართული ფრაზეოლოგიის საკითხები = Вопросы грузинской фразеологии / _cარლი თაყაიშვილი ; რედაქტორი ვ. თოფურია. |
||
| 264 |
_aთბილისი : _bსაქართველოს სსრ მეცნიერებათა აკადემიის გამ–ბა, _c1961. |
||
| 300 |
_a155 გვ. ; _e20 სმ. |
||
| 541 | _h1ლ.08თ. | ||
| 653 | _aქართული ენა | ||
| 653 | _aქართული ენაის ფრაზეოლოგია | ||
| 653 | _aქართული ფრაზეოლოგიის საკითხები | ||
| 700 |
_aთოფურია, ვ. _eრედაქტორი _91040 |
||
| 710 |
_aსაქართველოს სსრ მეცნიერებათა აკადემია _98899 |
||
| 710 |
_aენათმეცნიერების ინსტიტუტი _98900 |
||
| 942 |
_cBK _2udc |
||